000 00911nam a2200193Ia 4500
999 _c52677
_d52677
003 GCL
005 20240530105033.0
008 140319s9999 xx 000 0 ara d
040 _aGCL /
_cGCL
082 0 4 _a250
_bق م
100 1 _aابن قدامة المقدسى ، شمس الدين ابوالفرج عبدالرحمن بن محمح بن احمد الحنبلى
245 1 2 _aمعجم الفقه الحنبلى :
_bمستخلص من كتاب المغني لابن قدامة
_cابن قدامة المقدسى ، شمس الدين ابوالفرج عبدالرحمن بن محمح بن احمد الحنبلى
260 _a[S.N] :
_bالمكتبة التجارية ،
_c1992
500 _aالعنوان على الغلاف معجم المغنى والشرح الكبير
650 0 4 _aالعقائد
650 0 4 _aالشريعة الاسلامية
650 0 4 _aعبادات
942 _2ddc
_cBK